Skills for success : (Record no. 39)

MARC details
000 -LEADER
fixed length control field 00825nam a2200157 4500
020 ## - INTERNATIONAL STANDARD BOOK NUMBER
ISBN 1403911320
050 ## - CALL NUMBER
Classification number HF5386
100 ## - AUTHOR
Personal name Cottrell, Stella.
245 ## - TITLE
Title Skills for success :
Remainder of title the personal development planning handbook,
Statement of responsibility, etc Stella Cottrell.
260 ## - PUBLICATION INFORMATION
Place of publication Basingstoke :|
Name of publisher Palgrave Macmillan,
Year of publication 2003.
300 ## - DESCRIPTION
Number of Pages xv, 296 p. :
Other physical details ill. ;
Dimensions 25 cm.
500 ## - NOTES
General note Includes index.
505 ## - FORMATTED CONTENTS NOTE
Table of Content Chapter 1. The vision: what is success<br/>Chapter 2. Start yourself<br/>Chapter 3. Successful self-management<br/>Chapter 4. Successful problem-solving and task management<br/>Chapter 5. People skills<br/>Chapter 6. Thinking outside the box<br/>Chapter 7. The art of reflection<br/>Chapter 8. Successful job application<br/>Chapter 9. Recording achievement<br/>Chapter 10. Drawing it together
650 ## - SUBJECTS
Topical Term Success.
General subdivision Vocational guidance.
942 ## - ADDED ENTRY ELEMENTS (KOHA)
Koha item type Books
Holdings
Withdrawn status Lost status Home library Current library Date acquired Full call number Accession Number Koha item type Shelving location Collection code
    Methodist University Library Main Methodist University Library Main 23/12/2009 HF5386.C68 30182 Books General Stacks Non-fiction
    Methodist University Library Main Methodist University Library Main 23/12/2009 HF5386.C68 30227 Books General Stacks Reference
    Methodist University Library Main Methodist University Library Main 23/12/2009 HF5386.C68 30207 Books General Stacks Non-fiction
    Methodist University Library Main Methodist University Library Main 23/12/2009 HF5386.C68 26865 Books General Stacks Reference
    Methodist University Library Tema Methodist University Library Tema 23/12/2009 HF5386 35700 Books    
    Methodist University Library Tema Methodist University Library Tema 23/12/2009 HF5386 30193 Books General Stacks  
    Methodist University Library Tema Methodist University Library Tema 23/12/2009 HF5386 35701 Books    
Copyright © 2026  MUG Library